000 00695nam a2200193 a 4500
001 000033390
003 DO-SdBNP
005 20210419092229.0
008 110823s1941 dr r 000 0 spa d
040 _aDO-SdBNP
_bspa
_cBNPHU
082 _axxxx
_bR426c
110 1 _aRepública Dominicana.
_bSecretaría de Estado del Tesoro y Comercio,
_bServicio de Aduana
_958960
245 1 0 _aCartas circulares :
_b(nueva serie) del no. 401 al no. 460, período del 13 de noviembre al 31 de diciembre de 1940 (extratacdas).
260 _aSanto Domingo :
_bMontalvo,
_c1941.
300 _av. ;
_c23 cm.
500 _aLa biblioteca posee el volumen 3
590 _aInventariado, 2018/BT
942 _2ddc
_cLBS1
999 _c32881
_d32881